[Event "Edmonton June-A"]
[Site "Edmonton CAN"]
[Date "2004.06.06"]
[Round "5"]
[White "Gardner, Robert"]
[Black "Neven, Knut"]
[Result "1/2-1/2"]
[WhiteElo "2250"]
[BlackElo "2299"]
[PlyCount "133"]
[GameId "2160767911092266"]
[EventDate "2004.06.??"]
[EventType "tourn"]
[EventRounds "5"]
[EventCountry "CAN"]
[EventCategory "3"]
[SourceTitle "EXT 2006"]
[Source "ChessBase"]
[SourceDate "2005.11.24"]
[SourceVersion "1"]
[SourceVersionDate "2005.11.24"]
[SourceQuality "1"]

1. f4 d5 2. g3 c5 3. Bg2 Nc6 4. Nf3 Nf6 5. O-O g6 6. d3 Bg7 7. h3 O-O 8. Nc3 b6 9. e4 dxe4 10. dxe4 Ba6 11. Re1 Qc7 12. e5 Rad8 13. Bd2 Nd5 14. Qc1 Nxc3 15. Bxc3 Bc4 16. b3 Bd5 17. Bb2 Nd4 18. Nxd4 cxd4 19. Qd2 f6 20. Bxd5+ Rxd5 21. c4 Rd7 22. exf6 Bxf6 23. Qd3 e5 24. Re4 exf4 25. Rxf4 Be5 26. Rxf8+ Kxf8 27. Rf1+ Rf7 28. Rxf7+ Kxf7 29. Kg2 Qd6 30. Qf3+ Ke6 31. Qe4 d3 32. Bxe5 Qxe5 33. Qxd3 Qb2+ 34. Kf3 Qxa2 35. Kg4 Qg2 36. h4 Qf2 37. Kg5 Qf6+ 38. Kh6 g5+ 39. Kxh7 gxh4 40. Qe4+ Kf7 41. Qb7+ Kf8 42. Qb8+ Kf7 43. Qxa7+ Kf8 44. Qb8+ Kf7 45. Qc7+ Kf8 46. Qc8+ Kf7 47. Qd7+ Kf8 48. gxh4 Qxh4+ 49. Kg6 Qg3+ 50. Kf6 Qc3+ 51. Ke6 Qe3+ 52. Kd5 Qd3+ 53. Kc6 Qxb3 54. Qf5+ Ke7 55. Qe5+ Kd8 56. Qd5+ Ke7 57. Kb7 Qe3 58. Kc7 Qc5+ 59. Qc6 Qd4 60. Kb7 Qc5 61. Qc7+ Ke8 62. Kb8 Qd4 63. Qc6+ Ke7 64. Qb5 Qc5 65. Kb7 Qd4 66. Ka6 Qc5 67. Qxc5+ 1/2-1/2

[Event "Edmonton June-A"]
[Site "Edmonton CAN"]
[Date "2004.06.06"]
[Round "5"]
[White "Huber, Gregory"]
[Black "Yoos, John"]
[Result "1/2-1/2"]
[WhiteElo "2275"]
[BlackElo "2450"]
[PlyCount "101"]
[GameId "2160767911092267"]
[EventDate "2004.06.??"]
[EventType "tourn"]
[EventRounds "5"]
[EventCountry "CAN"]
[EventCategory "3"]
[SourceTitle "EXT 2006"]
[Source "ChessBase"]
[SourceDate "2005.11.24"]
[SourceVersion "1"]
[SourceVersionDate "2005.11.24"]
[SourceQuality "1"]

1. e4 c5 2. Nf3 d6 3. Bb5+ Nc6 4. Bxc6+ bxc6 5. O-O Bg4 6. h3 Bh5 7. d3 e6 8. Nbd2 Nf6 9. Re1 Nd7 10. Qe2 Be7 11. Qe3 Bf6 12. c3 O-O 13. Nf1 Bg6 14. Ng3 h5 15. Ne2 e5 16. Ng3 Re8 17. Nf5 Nf8 18. g4 hxg4 19. hxg4 Ne6 20. g5 Be7 21. Nxe7+ Qxe7 22. Nh4 Nf4 23. Qg3 Nh5 24. Qg4 Qe6 25. Qxe6 Rxe6 26. Kg2 Rf8 27. Rh1 Nf4+ 28. Bxf4 exf4 29. Kf3 c4 30. Nxg6 Rxg6 31. dxc4 Rxg5 32. Rad1 Rg6 33. Rh4 f5 34. Rxf4 fxe4+ 35. Kxe4 Re6+ 36. Kf3 Rxf4+ 37. Kxf4 Re2 38. f3 Rxb2 39. Rxd6 Rxa2 40. Rxc6 Ra3 41. Rc7 Rxc3 42. c5 Kf8 43. Ke4 g5 44. Kd5 Rxf3 45. Rxa7 Ke8 46. Rg7 Rf6 47. c6 Kd8 48. Kc5 Rf1 49. Rxg5 Rc1+ 50. Kd6 Rd1+ 51. Rd5 1/2-1/2

[Event "Edmonton June-B"]
[Site "Edmonton CAN"]
[Date "2004.06.04"]
[Round "1"]
[White "Li, Zhichao"]
[Black "Henson, Joshua"]
[Result "0-1"]
[WhiteElo "2248"]
[BlackElo "2154"]
[PlyCount "166"]
[GameId "2160767911092268"]
[EventDate "2004.06.??"]
[EventType "tourn"]
[EventRounds "5"]
[EventCountry "CAN"]
[SourceTitle "EXT 2006"]
[Source "ChessBase"]
[SourceDate "2005.11.24"]
[SourceVersion "1"]
[SourceVersionDate "2005.11.24"]
[SourceQuality "1"]

1. Nf3 Nf6 2. g3 g6 3. c4 c5 4. b3 Bg7 5. Bb2 Nc6 6. Bg2 O-O 7. O-O d6 8. d3 Bd7 9. Nbd2 Qc7 10. Re1 e5 11. a3 Nh5 12. Qc2 f5 13. Bc3 Rae8 14. e3 h6 15. Nh4 Ne7 16. f4 g5 17. Bf3 Nf6 18. Ng2 g4 19. Be2 Ng6 20. d4 exd4 21. exd4 cxd4 22. Bxd4 Ne4 23. Qb2 Qc5 24. Bxc5 Bxb2 25. Ra2 Nc3 26. Rxb2 Nxe2+ 27. Kf2 Nexf4 28. Nxf4 Nxf4 29. gxf4 Rxe1 30. Kxe1 dxc5 31. Kf2 Re8 32. b4 cxb4 33. axb4 a6 34. Ra2 Kf7 35. Ra5 Kf6 36. Rc5 Be6 37. Rc7 Re7 38. Rc5 Rd7 39. Ke3 Rd6 40. b5 b6 41. Re5 axb5 42. Rxb5 Rc6 43. Kd4 h5 44. c5 bxc5+ 45. Rxc5 Ra6 46. Rc3 Ra4+ 47. Ke3 h4 48. Rd3 Ra1 49. Kf2 Rh1 50. Kg2 Rd1 51. Kf2 Ra1 52. Rd8 Ke7 53. Rh8 h3 54. Nf1 Ra2+ 55. Kg3 Rg2+ 56. Kh4 Rf2 57. Ng3 Rxf4 58. Rh7+ Kd6 59. Rh6 Rf2 60. Kg5 Ke5 61. Nh5 Bd5 62. Nf6 Rxh2 63. Nxg4+ fxg4 64. Kxg4 Be6+ 65. Kg3 Rg2+ 66. Kf3 Rg8 67. Kf2 Bf5 68. Rh4 Rg7 69. Ra4 Be4 70. Ke3 Rg3+ 71. Kf2 Rf3+ 72. Kg1 Bf5 73. Ra2 Kf4 74. Rb2 Kg4 75. Rb4+ Rf4 76. Rb2 Be4 77. Kh2 Rf3 78. Re2 Rf4 79. Rb2 Bg2 80. Ra2 Rc4 81. Rb2 Be4 82. Rf2 Rc2 83. Kg1 Rc1+ 0-1

[Event "Edmonton June-B"]
[Site "Edmonton CAN"]
[Date "2004.06.04"]
[Round "1"]
[White "Veneracion, Paolo"]
[Black "Hughey, Micah"]
[Result "1-0"]
[WhiteElo "2125"]
[BlackElo "2095"]
[PlyCount "45"]
[GameId "2160767911092269"]
[EventDate "2004.06.??"]
[EventType "tourn"]
[EventRounds "5"]
[EventCountry "CAN"]
[SourceTitle "EXT 2006"]
[Source "ChessBase"]
[SourceDate "2005.11.24"]
[SourceVersion "1"]
[SourceVersionDate "2005.11.24"]
[SourceQuality "1"]

1. Nf3 d5 2. b3 Nf6 3. Bb2 e6 4. e3 c5 5. c4 Nc6 6. cxd5 exd5 7. d3 Bd6 8. Be2 O-O 9. O-O Bg4 10. Nbd2 Qe7 11. Rc1 Rfd8 12. Re1 h6 13. Qc2 Rac8 14. Qb1 Bf5 15. Qa1 Ng4 16. Bxg7 f6 17. Nh4 Bd7 18. Bxg4 Qxg7 19. Bxd7 Rxd7 20. Nf5 Qg5 21. Nxd6 Rxd6 22. Rxc5 b6 23. Ne4 1-0

[Event "Edmonton June-B"]
[Site "Edmonton CAN"]
[Date "2004.06.04"]
[Round "2"]
[White "Henson, Joshua"]
[Black "Veneracion, Paolo"]
[Result "1-0"]
[WhiteElo "2154"]
[BlackElo "2125"]
[PlyCount "75"]
[GameId "2160767911092270"]
[EventDate "2004.06.??"]
[EventType "tourn"]
[EventRounds "5"]
[EventCountry "CAN"]
[SourceTitle "EXT 2006"]
[Source "ChessBase"]
[SourceDate "2005.11.24"]
[SourceVersion "1"]
[SourceVersionDate "2005.11.24"]
[SourceQuality "1"]

1. e4 c5 2. c3 d5 3. exd5 Qxd5 4. d4 Nf6 5. Nf3 e6 6. Be2 Nc6 7. O-O Be7 8. Na3 cxd4 9. Nb5 Qd7 10. Nbxd4 Bd6 11. Nb5 Bb8 12. Qxd7+ Bxd7 13. Rd1 Ne4 14. Ng5 Nxg5 15. Bxg5 f6 16. Be3 b6 17. Bf3 Be5 18. Rxd7 Kxd7 19. Rd1+ Ke7 20. Bxc6 Rad8 21. Re1 a6 22. Nd4 Rd6 23. Bb7 Bxd4 24. Bxd4 a5 25. a4 g5 26. Be3 e5 27. b4 Rb8 28. Be4 Rc8 29. b5 Rxc3 30. Bc6 Rb3 31. g3 Rxc6 32. bxc6 Kd6 33. Rc1 Kc7 34. Kg2 Rb4 35. h3 h6 36. g4 b5 37. Bb6+ Kc8 38. Rd1 1-0

[Event "Edmonton June-B"]
[Site "Edmonton CAN"]
[Date "2004.06.05"]
[Round "2"]
[White "Grumic, Sasha"]
[Black "Li, Zhichao"]
[Result "0-1"]
[WhiteElo "2144"]
[BlackElo "2248"]
[PlyCount "60"]
[GameId "2160767911092271"]
[EventDate "2004.06.??"]
[EventType "tourn"]
[EventRounds "5"]
[EventCountry "CAN"]
[SourceTitle "EXT 2006"]
[Source "ChessBase"]
[SourceDate "2005.11.24"]
[SourceVersion "1"]
[SourceVersionDate "2005.11.24"]
[SourceQuality "1"]

1. e4 c5 2. Nf3 d6 3. d4 cxd4 4. Nxd4 Nf6 5. Nc3 g6 6. Bb5+ Bd7 7. Bxd7+ Nbxd7 8. O-O Bg7 9. Qf3 O-O 10. Kh1 Rc8 11. a4 Ne5 12. Qg3 Nc4 13. Rd1 Qa5 14. b3 Qh5 15. Bg5 Nb2 16. Re1 Ng4 17. Nd5 Bxd4 18. Nxe7+ Kg7 19. Be3 Nxe3 20. Rxe3 Bxe3 21. Nf5+ Kh8 22. Nxe3 Qc5 23. Rb1 Qd4 24. h4 f5 25. exf5 gxf5 26. Qg5 Rg8 27. Qh5 f4 28. Nf5 Qxf2 29. Rg1 f3 30. g4 Rxc2 0-1

[Event "Edmonton June-B"]
[Site "Edmonton CAN"]
[Date "2004.06.05"]
[Round "2"]
[White "Yam, Alex"]
[Black "Hughey, Micah"]
[Result "1/2-1/2"]
[WhiteElo "2119"]
[BlackElo "2095"]
[PlyCount "44"]
[GameId "2160767911092272"]
[EventDate "2004.06.??"]
[EventType "tourn"]
[EventRounds "5"]
[EventCountry "CAN"]
[SourceTitle "EXT 2006"]
[Source "ChessBase"]
[SourceDate "2005.11.24"]
[SourceVersion "1"]
[SourceVersionDate "2005.11.24"]
[SourceQuality "1"]

1. e4 e5 2. Nf3 Nc6 3. Bb5 a6 4. Ba4 Nf6 5. O-O Be7 6. Re1 b5 7. Bb3 O-O 8. h3 Bb7 9. c3 d5 10. exd5 Nxd5 11. d3 Qd6 12. Na3 Rad8 13. Qe2 Rfe8 14. Bd2 Qg6 15. Rad1 Nf4 16. Bxf4 exf4 17. Qe4 Qxe4 18. Rxe4 Na5 19. Ree1 Nxb3 20. axb3 Bxf3 21. gxf3 f5 22. Nc2 Bf6 1/2-1/2

[Event "Edmonton June-B"]
[Site "Edmonton CAN"]
[Date "2004.06.05"]
[Round "3"]
[White "Hughey, Micah"]
[Black "Henson, Joshua"]
[Result "1/2-1/2"]
[WhiteElo "2095"]
[BlackElo "2154"]
[PlyCount "70"]
[GameId "2160767911092273"]
[EventDate "2004.06.??"]
[EventType "tourn"]
[EventRounds "5"]
[EventCountry "CAN"]
[SourceTitle "EXT 2006"]
[Source "ChessBase"]
[SourceDate "2005.11.24"]
[SourceVersion "1"]
[SourceVersionDate "2005.11.24"]
[SourceQuality "1"]

1. e4 e6 2. c4 c5 3. Nf3 Nc6 4. Nc3 Nf6 5. Be2 d6 6. O-O Be7 7. d4 cxd4 8. Nxd4 O-O 9. a3 a6 10. b4 Qc7 11. Bb2 Bd7 12. Rc1 Rac8 13. f4 Qb6 14. Na4 Qa7 15. e5 dxe5 16. fxe5 Nxe5 17. c5 Rcd8 18. Nf5 exf5 19. Bxe5 Be6 20. Qe1 Ne4 21. Nb6 Bg5 22. Rc2 Nd2 23. Bf4 Bxf4 24. Rxf4 Qb8 25. Rf2 Ne4 26. Rf1 Qe5 27. Bf3 Qd4+ 28. Kh1 Rfe8 29. Re2 Bc4 30. Nxc4 Qxc4 31. g4 Rd5 32. Kg2 Rde5 33. gxf5 g6 34. fxg6 hxg6 35. Qh4 Qd3 1/2-1/2

[Event "Edmonton June-B"]
[Site "Edmonton CAN"]
[Date "2004.06.05"]
[Round "3"]
[White "Li, Zhichao"]
[Black "Yam, Alex"]
[Result "0-1"]
[WhiteElo "2248"]
[BlackElo "2119"]
[PlyCount "140"]
[GameId "2160767911092274"]
[EventDate "2004.06.??"]
[EventType "tourn"]
[EventRounds "5"]
[EventCountry "CAN"]
[SourceTitle "EXT 2006"]
[Source "ChessBase"]
[SourceDate "2005.11.24"]
[SourceVersion "1"]
[SourceVersionDate "2005.11.24"]
[SourceQuality "1"]

1. d4 d5 2. Nf3 Nf6 3. g3 Bf5 4. Nh4 Bc8 5. Bg2 e6 6. O-O Bd6 7. c4 c6 8. Bf4 Ne4 9. Bxd6 Qxd6 10. c5 Qc7 11. Nd2 f5 12. f4 g5 13. fxg5 Nxg5 14. e4 dxe4 15. Qh5+ Nf7 16. Bxe4 O-O 17. Rf4 Nh8 18. Raf1 Qf7 19. Qd1 Ng6 20. Nxg6 hxg6 21. Nc4 Nd7 22. Ne5 Qg7 23. Nxd7 Bxd7 24. Bg2 Rad8 25. Qa4 a6 26. Qb4 Bc8 27. h4 Rf7 28. Re1 g5 29. hxg5 Qxg5 30. Qc3 Rg7 31. Kf2 Kf7 32. Rh4 Rdg8 33. Re3 Qf6 34. Qa5 Ke8 35. Qe1 Rxg3 36. Rxg3 Qxh4 37. Kf3 Rg5 38. Qe5 Rxg3+ 39. Qxg3 Qe4+ 40. Kf2 Qxd4+ 41. Kf1 Qxc5 42. Qc7 Qc1+ 43. Ke2 Qxb2+ 44. Kd3 Bd7 45. Qb8+ Ke7 46. Qh2 Qa3+ 47. Kc2 Qxa2+ 48. Kc3 Qa3+ 49. Kc2 Qd6 50. Qh4+ Ke8 51. Bf3 Qe7 52. Qh8+ Qf8 53. Bh5+ Ke7 54. Qb2 Qh6 55. Be2 Qe3 56. Qg7+ Kd6 57. Bd3 e5 58. Qg8 Kc7 59. Qf8 e4 60. Bc4 b6 61. Qa8 b5 62. Bb3 b4 63. Kb2 Qd2+ 64. Ka1 Qc1+ 65. Ka2 Qa3+ 66. Kb1 Qxb3+ 67. Ka1 Qe3 68. Qg8 f4 69. Qg5 Qc1+ 70. Ka2 Be6+ 0-1

[Event "Edmonton June-B"]
[Site "Edmonton CAN"]
[Date "2004.06.05"]
[Round "3"]
[White "Veneracion, Paolo"]
[Black "Grumic, Sasha"]
[Result "0-1"]
[WhiteElo "2125"]
[BlackElo "2144"]
[PlyCount "70"]
[GameId "2160767911092275"]
[EventDate "2004.06.??"]
[EventType "tourn"]
[EventRounds "5"]
[EventCountry "CAN"]
[SourceTitle "EXT 2006"]
[Source "ChessBase"]
[SourceDate "2005.11.24"]
[SourceVersion "1"]
[SourceVersionDate "2005.11.24"]
[SourceQuality "1"]

1. e4 g6 2. d4 Bg7 3. Be3 c5 4. c3 Nf6 5. f3 O-O 6. dxc5 b6 7. cxb6 axb6 8. Qb3 Nc6 9. Bxb6 Qe8 10. Qc2 d5 11. Nd2 dxe4 12. fxe4 Rb8 13. Bf2 Ng4 14. Bc5 Be6 15. Ngf3 Bh6 16. Nc4 Rb5 17. b4 Rxc5 18. bxc5 Bxc4 19. Bxc4 Ne3 20. Qe2 Qc8 21. Bd5 e6 22. Bb3 Na5 23. Qb5 Qa8 24. Qa4 Qa7 25. Kf2 Nec4 26. Bxc4 Qxc5+ 27. Kg3 Nxc4 28. Rhe1 e5 29. Qc2 Bf4+ 30. Kh3 Qc8+ 31. g4 h5 32. Qg2 Kg7 33. Nh4 Rh8 34. a4 hxg4+ 35. Qxg4 Rxh4+ 0-1

[Event "Edmonton June-B"]
[Site "Edmonton CAN"]
[Date "2004.06.06"]
[Round "4"]
[White "Grumic, Sasha"]
[Black "Hughey, Micah"]
[Result "0-1"]
[WhiteElo "2144"]
[BlackElo "2095"]
[PlyCount "108"]
[GameId "2160767911092276"]
[EventDate "2004.06.??"]
[EventType "tourn"]
[EventRounds "5"]
[EventCountry "CAN"]
[SourceTitle "EXT 2006"]
[Source "ChessBase"]
[SourceDate "2005.11.24"]
[SourceVersion "1"]
[SourceVersionDate "2005.11.24"]
[SourceQuality "1"]

1. g3 d5 2. Bg2 Nf6 3. d3 e5 4. c3 Nc6 5. Nd2 Be6 6. e4 Qd7 7. Ngf3 Bh3 8. O-O O-O-O 9. Qa4 Kb8 10. b4 Bd6 11. b5 Ne7 12. c4 dxe4 13. dxe4 Nc8 14. Rb1 Bxg2 15. Kxg2 Qe7 16. Bb2 Nd7 17. Qc2 h5 18. Nh4 g5 19. Nf5 Qe6 20. Nb3 Nc5 21. Rbd1 Ne7 22. Rd5 Nxb3 23. axb3 Nxd5 24. exd5 Qg6 25. Qe4 g4 26. h4 gxh3+ 27. Kxh3 Rdg8 28. f3 Qh7 29. f4 f6 30. Nxd6 cxd6 31. Qxh7 Rxh7 32. Ba3 Kc7 33. c5 dxc5 34. Bxc5 Rhg7 35. Rf3 b6 36. d6+ Kd7 37. Bf2 Kxd6 38. Be1 e4 39. Bb4+ Kd5 40. Rc3 Kd4 41. Rc4+ Kd3 42. Be1 h4 43. Kg2 hxg3 44. Bb4 Rh7 45. Rc3+ Kd4 46. Rc1 Rh2+ 47. Kg1 Rh5 48. Kg2 Rxb5 49. Rd1+ Ke3 50. Re1+ Kxf4 51. Bd2+ Kf5 52. b4 Rd5 53. Rf1+ Ke6 54. Bf4 Rf5 0-1

[Event "Edmonton June-B"]
[Site "Edmonton CAN"]
[Date "2004.06.06"]
[Round "4"]
[White "Li, Zhichao"]
[Black "Veneracion, Paolo"]
[Result "0-1"]
[WhiteElo "2248"]
[BlackElo "2125"]
[PlyCount "116"]
[GameId "2160767911092277"]
[EventDate "2004.06.??"]
[EventType "tourn"]
[EventRounds "5"]
[EventCountry "CAN"]
[SourceTitle "EXT 2006"]
[Source "ChessBase"]
[SourceDate "2005.11.24"]
[SourceVersion "1"]
[SourceVersionDate "2005.11.24"]
[SourceQuality "1"]

1. Nf3 c5 2. g3 g6 3. Bg2 Bg7 4. O-O d5 5. d4 cxd4 6. Nxd4 e5 7. Nb3 Ne7 8. e4 d4 9. c3 O-O 10. f4 Nbc6 11. fxe5 Bxe5 12. Bh6 Qb6 13. c4 Rd8 14. N1d2 Be6 15. Rc1 d3+ 16. Kh1 Bxb2 17. Rb1 Bh8 18. a4 Ne5 19. Nf3 Nxc4 20. Nbd4 Nb2 21. Rxb2 Qxb2 22. Nxe6 fxe6 23. Bh3 Bg7 24. Bxe6+ Kh8 25. Bc1 Qe2 26. Ng5 Rf8 27. Nf7+ Rxf7 28. Bxf7 Rf8 29. Ba3 Rxf7 30. Re1 Qa2 31. Bc5 Qc2 32. Bxa7 Qxd1 33. Rxd1 Nc6 34. Bc5 Rd7 35. Kg2 d2 36. Kf1 Bc3 37. Ke2 Ne5 38. Rf1 Nc4 39. e5 Nxe5 40. Be3 Kg7 41. Rb1 Nc4 42. Bxd2 Rxd2+ 43. Kf3 Ne5+ 44. Ke4 Rd4+ 45. Ke3 Ng4+ 46. Kf3 Nxh2+ 47. Kg2 Rd2+ 48. Kh3 Bb2 49. Re1 h5 50. g4 hxg4+ 51. Kg3 Kf6 52. Kf4 Be5+ 53. Ke3 Bc3 54. Rc1 Rg2 55. Rb1 Rb2 56. Rd1 g3 57. a5 g2 58. a6 Nf1+ 0-1

[Event "Edmonton June-B"]
[Site "Edmonton CAN"]
[Date "2004.06.06"]
[Round "4"]
[White "Yam, Alex"]
[Black "Henson, Joshua"]
[Result "0-1"]
[WhiteElo "2119"]
[BlackElo "2154"]
[PlyCount "78"]
[GameId "2160767911092278"]
[EventDate "2004.06.??"]
[EventType "tourn"]
[EventRounds "5"]
[EventCountry "CAN"]
[SourceTitle "EXT 2006"]
[Source "ChessBase"]
[SourceDate "2005.11.24"]
[SourceVersion "1"]
[SourceVersionDate "2005.11.24"]
[SourceQuality "1"]

1. d4 Nf6 2. c4 g6 3. Nc3 d5 4. Nf3 Bg7 5. cxd5 Nxd5 6. e4 Nxc3 7. bxc3 c5 8. h3 O-O 9. Be2 b5 10. O-O Bb7 11. Qc2 cxd4 12. cxd4 Nc6 13. Be3 Rc8 14. Qb2 b4 15. Rac1 a5 16. a3 Ba8 17. Rc4 Qd6 18. e5 Qb8 19. Rfc1 e6 20. Bd2 Rfd8 21. Bd1 Bf8 22. Ba4 Ne7 23. axb4 Rxc4 24. Rxc4 Bd5 25. Rc5 axb4 26. Bxb4 Nf5 27. Rb5 Qa8 28. Bd1 Bc6 29. Rb6 Bxb4 30. Rxb4 Bxf3 31. Bxf3 Qa7 32. Be4 Nxd4 33. Rb7 Qc5 34. Qb6 Qc1+ 35. Kh2 Qf4+ 36. Kg1 Ne2+ 37. Kf1 Ng3+ 38. Kg1 Rd1+ 39. Kh2 Rh1# 0-1

[Event "Edmonton June-B"]
[Site "Edmonton CAN"]
[Date "2004.06.06"]
[Round "5"]
[White "Henson, Joshua"]
[Black "Grumic, Sasha"]
[Result "1-0"]
[WhiteElo "2154"]
[BlackElo "2144"]
[PlyCount "33"]
[GameId "2160767911092279"]
[EventDate "2004.06.??"]
[EventType "tourn"]
[EventRounds "5"]
[EventCountry "CAN"]
[SourceTitle "EXT 2006"]
[Source "ChessBase"]
[SourceDate "2005.11.24"]
[SourceVersion "1"]
[SourceVersionDate "2005.11.24"]
[SourceQuality "1"]

1. e4 c5 2. c3 d6 3. d4 Nc6 4. Be3 Nf6 5. f3 e5 6. dxc5 dxc5 7. Qxd8+ Nxd8 8. Bb5+ Bd7 9. Bxd7+ Kxd7 10. Na3 a6 11. Nc4 Ke6 12. a4 Be7 13. Nh3 h6 14. Nb6 Rb8 15. Rd1 Nc6 16. Nd5 Nd7 17. Nc7+ 1-0

[Event "Edmonton June-B"]
[Site "Edmonton CAN"]
[Date "2004.06.06"]
[Round "5"]
[White "Hughey, Micah"]
[Black "Li, Zhichao"]
[Result "1/2-1/2"]
[WhiteElo "2095"]
[BlackElo "2248"]
[PlyCount "70"]
[GameId "2160767911092280"]
[EventDate "2004.06.??"]
[EventType "tourn"]
[EventRounds "5"]
[EventCountry "CAN"]
[SourceTitle "EXT 2006"]
[Source "ChessBase"]
[SourceDate "2005.11.24"]
[SourceVersion "1"]
[SourceVersionDate "2005.11.24"]
[SourceQuality "1"]

1. e4 c6 2. d4 d5 3. exd5 cxd5 4. c4 Nf6 5. Nc3 e6 6. Nf3 Be7 7. c5 O-O 8. Bd3 b6 9. b4 a5 10. Na4 Nfd7 11. Qc2 Nc6 12. b5 Nb4 13. Bxh7+ Kh8 14. Qb1 bxc5 15. a3 cxd4 16. axb4 Bxb4+ 17. Kf1 f5 18. Bg6 Qf6 19. Bh5 e5 20. Bg5 Qd6 21. Nh4 Nf6 22. Ng6+ Kg8 23. Nxf8 Nxh5 24. Qd1 g6 25. Be7 Qxe7 26. Nxg6 Qe8 27. Qxh5 Kg7 28. Nf4 Qxb5+ 29. Ne2 d3 30. Nec3 Qc4 31. Qg5+ Kf7 32. Qh5+ Kg7 33. Qg5+ Kf7 34. Qh5+ Ke7 35. Qg5+ Kf7 1/2-1/2

[Event "Edmonton June-B"]
[Site "Edmonton CAN"]
[Date "2004.06.06"]
[Round "5"]
[White "Veneracion, Paolo"]
[Black "Yam, Alex"]
[Result "1/2-1/2"]
[WhiteElo "2125"]
[BlackElo "2119"]
[PlyCount "81"]
[GameId "2160767911092281"]
[EventDate "2004.06.??"]
[EventType "tourn"]
[EventRounds "5"]
[EventCountry "CAN"]
[SourceTitle "EXT 2006"]
[Source "ChessBase"]
[SourceDate "2005.11.24"]
[SourceVersion "1"]
[SourceVersionDate "2005.11.24"]
[SourceQuality "1"]

1. e4 Nf6 2. e5 Nd5 3. c4 Nb6 4. d4 d6 5. exd6 cxd6 6. Bd3 g6 7. Nf3 Bg7 8. h3 Nc6 9. Be3 O-O 10. Qd2 Re8 11. d5 Ne5 12. Nxe5 dxe5 13. Nc3 e6 14. O-O exd5 15. Bxb6 Qxb6 16. Nxd5 Qd4 17. Nc7 Bf5 18. Nxe8 Rxe8 19. Rfd1 Rd8 20. Bxf5 Qxd2 21. Rxd2 Rxd2 22. Be4 Rxb2 23. Rb1 Rxb1+ 24. Bxb1 Kf8 25. Be4 b6 26. g4 Ke7 27. Kf1 Kf6 28. Bd5 h6 29. Ke2 Bf8 30. Kd3 Bc5 31. f3 Ke7 32. Ke4 Bd4 33. f4 f6 34. h4 Bf2 35. h5 gxh5 36. gxh5 Bg3 37. fxe5 fxe5 38. Kf5 Kd6 39. Ke4 Kc5 40. Bg8 Kb4 41. Bf7 1/2-1/2

[Event "Edmonton June-C"]
[Site "Edmonton CAN"]
[Date "2004.06.04"]
[Round "1"]
[White "Ottosen, David"]
[Black "Kazakevich, Anastasia"]
[Result "1-0"]
[WhiteElo "2089"]
[BlackElo "1984"]
[PlyCount "51"]
[GameId "2160767911092282"]
[EventDate "2004.06.??"]
[EventType "tourn"]
[EventRounds "5"]
[EventCountry "CAN"]
[SourceTitle "EXT 2006"]
[Source "ChessBase"]
[SourceDate "2005.11.24"]
[SourceVersion "1"]
[SourceVersionDate "2005.11.24"]
[SourceQuality "1"]

1. e4 c5 2. Nc3 e6 3. Qf3 Nc6 4. Nge2 Nb4 5. Kd1 Be7 6. Qg3 g6 7. Nb5 d6 8. e5 d5 9. h4 h5 10. d4 Nc6 11. Bg5 Bxg5 12. Nd6+ Kf8 13. hxg5 cxd4 14. Qf4 Qc7 15. g4 h4 16. Rh3 Rh7 17. Nxd4 Nxd4 18. Qxd4 Ne7 19. Bd3 Nc6 20. Qf4 f5 21. gxf6 Nxe5 22. Qxe5 Rd7 23. Bxg6 Qxd6 24. Rxh4 Kg8 25. f7+ Kf8 26. Rh8+ 1-0

[Event "Edmonton June-C"]
[Site "Edmonton CAN"]
[Date "2004.06.05"]
[Round "2"]
[White "Gustafson, Dale"]
[Black "Ottosen, David"]
[Result "1/2-1/2"]
[WhiteElo "2022"]
[BlackElo "2089"]
[PlyCount "129"]
[GameId "2160767911092283"]
[EventDate "2004.06.??"]
[EventType "tourn"]
[EventRounds "5"]
[EventCountry "CAN"]
[SourceTitle "EXT 2006"]
[Source "ChessBase"]
[SourceDate "2005.11.24"]
[SourceVersion "1"]
[SourceVersionDate "2005.11.24"]
[SourceQuality "1"]

1. e4 c5 2. c3 Qa5 3. Nf3 Nc6 4. Bc4 e6 5. O-O b5 6. Bb3 Bb7 7. d4 Nce7 8. Bc2 Ng6 9. dxc5 b4 10. Be3 Nf6 11. e5 Nd5 12. Bd4 Bxc5 13. cxb4 Qxb4 14. a3 Qb6 15. Nc3 Bxd4 16. Nxd4 Nxe5 17. Na4 Qd6 18. Rc1 Qe7 19. f4 Ne3 20. Qe2 Nxf1 21. fxe5 Nxh2 22. Be4 Qh4 23. Bxb7 Qxd4+ 24. Kxh2 Qf4+ 25. g3 Qxc1 26. Bxa8 O-O 27. Be4 f5 28. Bc2 Rc8 29. Bb3 Qh6+ 30. Kg2 Rc1 31. Bd1 f4 32. Nc3 Qg5 33. Qd3 fxg3 34. Qxd7 h5 35. Qe8+ Kh7 36. Qxh5+ Qxh5 37. Bxh5 Rc2+ 38. Kxg3 Rxb2 39. Ne4 Rb3+ 40. Kf4 Rxa3 41. Bf7 Ra1 42. Bxe6 Kg6 43. Bf5+ Kf7 44. e6+ Ke7 45. Nc3 Re1 46. Kg5 a5 47. Kg6 Rg1+ 48. Kh7 g5 49. Kg6 g4 50. Nd5+ Kd6 51. Nf4 g3 52. Kf6 Re1 53. Ng2 Re2 54. Bh3 Rf2+ 55. Kg5 a4 56. Ne3 Re2 57. Kf4 g2 58. Bxg2 Kxe6 59. Bd5+ Kd6 60. Bg8 Kc5 61. Ke4 Rd2 62. Nf5 a3 63. Ke3 Rd8 64. Ba2 Kb4 65. Nd4 1/2-1/2

[Event "Edmonton June-C"]
[Site "Edmonton CAN"]
[Date "2004.06.05"]
[Round "3"]
[White "Ottosen, David"]
[Black "Yearwood, Roy"]
[Result "1-0"]
[WhiteElo "2089"]
[BlackElo "2089"]
[PlyCount "65"]
[GameId "2160767911092284"]
[EventDate "2004.06.??"]
[EventType "tourn"]
[EventRounds "5"]
[EventCountry "CAN"]
[SourceTitle "EXT 2006"]
[Source "ChessBase"]
[SourceDate "2005.11.24"]
[SourceVersion "1"]
[SourceVersionDate "2005.11.24"]
[SourceQuality "1"]

1. d4 e6 2. c4 Nf6 3. Nc3 Bb4 4. Qc2 b6 5. e4 Bb7 6. f3 c5 7. d5 d6 8. Bd3 O-O 9. Nge2 b5 10. b3 bxc4 11. bxc4 Nbd7 12. O-O Re8 13. Nd1 exd5 14. cxd5 Ne5 15. Bb5 Rf8 16. f4 Ng6 17. Ne3 a6 18. Bd3 Re8 19. Rb1 Bc8 20. a3 Ba5 21. Nc4 Bc7 22. h3 Qe7 23. Ng3 h5 24. Bb2 h4 25. Bxf6 Qxf6 26. e5 dxe5 27. fxe5 Qd8 28. Bxg6 fxg6 29. Qxg6 Re7 30. Nh5 Kh8 31. d6 Be6 32. Rf4 Bxc4 33. Nf6 1-0

[Event "Edmonton June-C"]
[Site "Edmonton CAN"]
[Date "2004.06.06"]
[Round "4"]
[White "Ottosen, David"]
[Black "Nguyen, Kim"]
[Result "1-0"]
[WhiteElo "2089"]
[BlackElo "2079"]
[PlyCount "53"]
[GameId "2160767911092285"]
[EventDate "2004.06.??"]
[EventType "tourn"]
[EventRounds "5"]
[EventCountry "CAN"]
[SourceTitle "EXT 2006"]
[Source "ChessBase"]
[SourceDate "2005.11.24"]
[SourceVersion "1"]
[SourceVersionDate "2005.11.24"]
[SourceQuality "1"]

1. e4 c5 2. Nf3 d6 3. d4 cxd4 4. Nxd4 Nf6 5. Nc3 a6 6. Rg1 b5 7. g4 Bb7 8. Bd3 Nc6 9. Be3 b4 10. g5 bxc3 11. gxf6 gxf6 12. Qh5 cxb2 13. Rb1 Nxd4 14. Bxd4 e5 15. Rxb2 Bc6 16. Be3 Rb8 17. Bc4 d5 18. exd5 Rxb2 19. dxc6 Qe7 20. Bc5 Qc7 21. Bxf7+ Kd8 22. Qd1+ Kc8 23. Be6+ Kb8 24. Rg7 Qa5+ 25. Kf1 Qb5+ 26. Kg1 Rb1 27. c7+ 1-0